| 000 | 00684cam a22002417a 4500 | ||
|---|---|---|---|
| 001 | 000056 | ||
| 003 | armpunfd | ||
| 005 | 20140612090557.0 | ||
| 008 | 011019e1983####xx#a##########000#0#und#d | ||
| 040 |
_aarmpunfd _carmpunfd |
||
| 080 | _a340 T 636 | ||
| 100 | 1 | 0 | _a Torres Lacroze, Federico A. |
| 245 | 1 | 0 | _aManual de introduccion al derecho |
| 260 |
_a Buenos Aires _b Abeledo- Perrot _cIMPR. DE 1983 |
||
| 300 | _a606 p. | ||
| 650 | 7 |
_a Derecho _x Argentina _2LEMB |
|
| 650 | 7 |
_a Derecho _x Introduccion _2LEMB |
|
| 700 | 1 | 0 | _aMartin, Guillermo Patricio |
| 942 |
_cLB _2cdu |
||
| 945 |
_aCatalis _d2010-08-19 |
||
| 945 |
_aCatalis _d2010-08-19 |
||
| 945 |
_aCatalis _d2010-08-19 |
||
| 999 |
_c55 _d230559 |
||